000 00653nam a2200253 i 4500
001 C2-0132599
003 PPAK
005 20180727123033.0
008 971021s1994 my a|||| ||||| | eng d
020 _a9676104167
040 _aPPAK
_beng
_cPPAK
_erda
082 0 4 _a428.6
_223
090 0 0 _a428.6
_bTOH
_dK
100 1 _aToh, Janey,
_eauthor
245 1 0 _aNaughty Ravi
264 1 _aKuala Lumpur :
_bUtusan ,
_c1994
300 _a32 pages :
_bcolour illustrations ;
_c21 cm
336 _2rdacontent
_atext
337 _2rdamedia
_aunmediated
338 _2rdacarrier
_avolume
500 _aNursery level
650 1 0 _aReaders
942 _ddc
_cB
999 _c41561
_d41561